000 00604cem a2200157 4500
082 0 0 _a912.5491
_bOXF
_cD
110 2 _aOxford University Press.
_911185
245 1 0 _aOxford school atlas for Pakistan /
_c[prepared by the Cartographic Department of the Oxford University Press] ; advisory editors, Kazi S. Ahmand, Nafis Ahmad.
260 _aKarachi :
_bPakistan Branch, Oxford University Press,
_cc1973.
300 _a57 p. :
_bcol. maps ;
_c26 cm.
500 _aCover title.
526 _a0
_b0
_c0
_d912_549100000000000_OXF
650 0 _aAtlases, Pakistani.
_946126
650 0 _aMCE
_9379
942 _2ddc
_cBK
999 _c549470
_d549470